00333 2200133 4500245005200000020002200052250001100074100002000085650001300105005001900118260004000137041001400177084000800191 aSelf Healing With Qur'ancUmmu Kalsum IqthText a978-623-5269-01-6 aCet. 1 aUmmu Kalsum Iqt aMotivasi a20250915101506 aSemarangbSyamahat Publishingc2022 aIndonesia a200